Nursing in the community : (Record no. 689)

000 -LEADER
fixed length control field 01308nam a22003617a 4500
001 - CONTROL NUMBER
control field 3560006
003 - CONTROL NUMBER IDENTIFIER
control field OSt
005 - DATE AND TIME OF LATEST TRANSACTION
control field 20210421070227.0
008 - FIXED-LENGTH DATA ELEMENTS--GENERAL INFORMATION
fixed length control field 980325s1999 ctua b 001 0 eng c
010 ## - LIBRARY OF CONGRESS CONTROL NUMBER
LC control number 98017066
020 ## - INTERNATIONAL STANDARD BOOK NUMBER
International Standard Book Number 0838569847 (case : alk. paper)
040 ## - CATALOGING SOURCE
Original cataloging agency DNLM/DLC
Transcribing agency DLC
Modifying agency eng
Language of cataloging eng
041 ## - LANGUAGE CODE
Language code of text/sound track or separate title eng
050 00 - LIBRARY OF CONGRESS CALL NUMBER
Classification number RT98
Item number .N88 1998
060 10 - NATIONAL LIBRARY OF MEDICINE CALL NUMBER
Classification number WY 106 C594n 1998
080 ## - UNIVERSAL DECIMAL CLASSIFICATION NUMBER
Universal Decimal Classification number 616-08
Item number C-59
082 00 - DEWEY DECIMAL CLASSIFICATION NUMBER
Classification number 610.73/43
Edition number 21
100 1# - MAIN ENTRY--PERSONAL NAME
Personal name Clark, Mary Jo Dummer.
245 10 - TITLE STATEMENT
Title Nursing in the community :
Remainder of title dimensions of community health nursing /
Statement of responsibility, etc. Mary Jo Clark.
250 ## - EDITION STATEMENT
Edition statement 3rd edition
260 ## - PUBLICATION, DISTRIBUTION, ETC.
Place of publication, distribution, etc. Stamford, Conn. :
Name of publisher, distributor, etc. Appleton & Lange,
Date of publication, distribution, etc. c1999
300 ## - PHYSICAL DESCRIPTION
Extent xxvii, 1103 p. :
Other physical details ill. (some col.) ;
Dimensions 29 cm. ₊
Accompanying material 1 computer disk (3 1/2 in.)
504 ## - BIBLIOGRAPHY, ETC. NOTE
Bibliography, etc. note Includes bibliographical references and index.
650 #0 - SUBJECT ADDED ENTRY--TOPICAL TERM
Topical term or geographic name entry element Community health nursing.
650 #0 - SUBJECT ADDED ENTRY--TOPICAL TERM
Topical term or geographic name entry element Patient Care
9 (RLIN) 285
650 12 - SUBJECT ADDED ENTRY--TOPICAL TERM
Topical term or geographic name entry element Community Health Nursing.
650 22 - SUBJECT ADDED ENTRY--TOPICAL TERM
Topical term or geographic name entry element NursingProcess.
653 ## - INDEX TERM--UNCONTROLLED
Uncontrolled term პაციენტის მოვლა
653 ## - INDEX TERM--UNCONTROLLED
Uncontrolled term პაციენტის მოვლის პროცესი
906 ## - LOCAL DATA ELEMENT F, LDF (RLIN)
a 7
b cbc
c orignew
d 1
e ocip
f 19
g y-gencatlg
942 ## - ADDED ENTRY ELEMENTS (KOHA)
Source of classification or shelving scheme
Koha item type Books
Edition 3
Holdings
Withdrawn status Lost status Source of classification or shelving scheme Damaged status Not for loan Permanent location Current location Date acquired Inventory number Total Checkouts Full call number Barcode Date last seen Price effective from Koha item type
          Ken Walker International University Ken Walker International University 12/18/2020 2109   616-08 C-59 2109 12/18/2020 12/18/2020 Books

Powered by Koha